Statistiques concernant Quiz Drapeau : Hardcore

Cliquez ici pour prendre le quiz!

Statistiques générales

  • Ce quiz a été pris 280 fois
    (151 depuis la dernière actualisation)
  • Le résultat moyen est 10 sur 16

Statistiques - réponses

Réponse% Correct
Ouzbekistan
78%
Brunei
74%
Koweit
74%
Djibouti
72%
Micronésie
71%
Iles Marshall
70%
Gambie
65%
Tchad
63%
Samoa
62%
Liechtenstein
59%
Republique Centrafricaine
59%
Maurice
58%
Sao Tomé et Principe
57%
Iles Salomon
50%
Tuvalu
47%
Saint Christophe et Nieves
43%

Distribution des résultats

Percentile par nombre de réponses

% des personnes avec chaque résultat

Votre développement - résultats

Vous n’avez pas pris ce quiz depuis la dernière actualisation